عرض عادي
عرض مارك
- الشبيلي، عبد الرحمن.
مدخل إسم شخص
001 - رقم الضبط
- حقل الضبط: 92794
003 - معرف رقم الضبط
- حقل الضبط: OSt
005 - تاريخ ووقت أخر عملية
- حقل الضبط: 20220629095842.0
008 - عناصر بيانات ثابتة الطول
- حقل تحكم ثابت الطول: 220629|| aca||aabn | a|a d
040 ## - مصدر الفهرسة
- هيئة الفهرسة الأصلية: OSt
- وكالة الكتابة: OSt
100 ## - مدخل -- أسم شخص
- إسم شخص: الشبيلي، عبد الرحمن.
670 ## - بيانات المصدر موجوده
- الاستشهاد بالمصدر: Work cat.: (OSt)80506: الجاسر، حمد. 66968, دراسات وبحوث في تاريخ الملك عبد العزيز /, 2017
